En memoria del Papa Francisco (Registro nro. 36382)
[ vista simple ]
| 000 -LEADER | |
|---|---|
| fixed length control field | 00385 a2200121 4500 |
| 001 - CONTROL NUMBER | |
| control field | ART_62652 |
| 005 - DATE AND TIME OF LATEST TRANSACTION | |
| control field | 20260410162057.0 |
| 008 - FIXED-LENGTH DATA ELEMENTS--GENERAL INFORMATION | |
| fixed length control field | 260409a |
| 100 1# - MAIN ENTRY--PERSONAL NAME | |
| Personal name | Borinsky, Mariano H. |
| 245 10 - TITLE STATEMENT | |
| Title | En memoria del Papa Francisco |
| 700 1# - ADDED ENTRY--PERSONAL NAME | |
| Personal name | Schurjin Almenar, Daniel |
| 773 0# - HOST ITEM ENTRY | |
| Title | Temas de derecho penal y procesal penal |
| Related parts | - Año 7, N° 5/6 (mayo/jun. 2025) |
| Record control number | REV60798 |
No hay ítems disponibles.